Brawl Stars: Lumi Skins by Picture - Statistics

General Stats
  • This quiz has been taken 14 times
    5 since last reset
  • The average score is 5 of 7
Answer Stats
Picture Answer % Correct
True Gold Lumi
100%
True Silver Lumi
100%
Dark Knight Lumi
80%
Eleven Lumi
80%
Persephone Lumi
80%
Retro Eleven Lumi
80%
Thrilled Eleven Lumi
20%
No matching quizzes found
Score Distribution
Percent of People with Each Score
Percentile by Number Answered
Your Score History
You have not taken this quiz since the last reset